Movies Missing 3-Letter Words Quiz Stats

 Plays Quiz Updated Jan 18, 2018

Score 0/50 Timer 05:00
3 Plays Today
Title Word % Correct
___ Story 3Toy
98.4%
Raiders of the Lost ___Ark
96.2%
___ MisérablesLes
95.9%
No Country for Old ___Men
95.8%
The ___ CommandmentsTen
95.2%
The Man Who Knew ___ MuchToo
95.1%
___ That JazzAll
95.1%
A ___ Good MenFew
93.1%
Some Like It ___Hot
92.7%
20,000 Leagues Under the ___Sea
92.5%
___ Hard: With a VengeanceDie
92.4%
Heaven ___ WaitCan
92.2%
The Elephant ___Man
90.6%
Live and ___ DieLet
89.9%
The Cable ___Guy
89.3%
Going My ___Way
89.2%
The Thin ___ LineRed
86.7%
Horton Hears a ___!Who
85.7%
The ___ CoupleOdd
84.4%
This Is Spinal ___Tap
83.8%
It Happened ___ NightOne
83.7%
Seven Brides ___ Seven BrothersFor
82.6%
The ___ in the Striped PajamasBoy
81.2%
___ MaxMad
80.9%
Meet ___ BlackJoe
80%
Title Word % Correct
What's Up, ___?Doc
78.7%
___ of AfricaOut
76.5%
Letters from ___ JimaIwo
74.7%
The ___ ChillBig
74%
Play It Again, ___Sam
71.4%
A Place in the ___Sun
68.5%
___ LargoKey
67.9%
The Remains of the ___Day
65%
___ BootDas
61.7%
Howards ___End
60.4%
Fritz the ___Cat
57.7%
October ___Sky
57.6%
To ___, with LoveSir
56.2%
___ Girl FridayHis
54.8%
The Ox-___ IncidentBow
51.8%
This ___ for HireGun
51%
___ and the PendulumPit
50.6%
Gunga ___Din
48.7%
Lonely ___ the BraveAre
41.4%
Adam's ___Rib
41.3%
___ in the HoleAce
40.3%
___ VadisQuo
33.8%
I Was a Male ___ BrideWar
26.5%
Mystery of the ___ MuseumWax
19.1%
___, VoyagerNow
18.7%

Today's Daily Dose

You're not logged in!

Compare scores with friends on all Sporcle quizzes.
OR
Log In

Show Comments

Extras

Top Quizzes Today


Score Distribution

Your Account Isn't Verified!

In order to create a playlist on Sporcle, you need to verify the email address you used during registration. Go to your Sporcle Settings to finish the process.

Report this User

Report this user for behavior that violates our Community Guidelines.

Details: